| Tag |
First Indicator |
Second Indicator |
Subfields |
| LEADER |
00000cam a2200000 i 4500 |
| 001 |
in00005741321 |
| 005 |
20260326173328.9 |
| 006 |
m o d |
| 007 |
cr bn||||||ada |
| 008 |
100402s1964 nyua ob 000 0 eng d |
| 010 |
|
|
|z 63023242
|
| 040 |
|
|
|a OCLCE
|b eng
|e pn
|c OCLCE
|d OCLCQ
|d OCLCO
|d OCLCA
|d OCLCQ
|d OCLCO
|d OCLCQ
|d OCLCF
|d UIU
|d OPELS
|d OCL
|d OCLCQ
|d LUN
|d OCLCQ
|d OCLCO
|d INARC
|d OCLCA
|d OCLCO
|d OCLCQ
|d OCL
|d OCLCO
|d OCLCL
|d OCLCA
|d OCLCL
|d OCLCQ
|
| 015 |
|
|
|a GB6411803
|2 bnb
|
| 016 |
7 |
|
|a CAT11020067
|2 DNAL
|
| 016 |
7 |
|
|a 007668986
|2 Uk
|
| 019 |
|
|
|a 655397496
|a 987729982
|a 1038174484
|a 1149243981
|a 1413389392
|a 1465358788
|
| 020 |
|
|
|z 9781483229317
|
| 020 |
|
|
|z 1483229319
|
| 035 |
|
|
|a (OCoLC)595767112
|z (OCoLC)655397496
|z (OCoLC)987729982
|z (OCoLC)1038174484
|z (OCoLC)1149243981
|z (OCoLC)1413389392
|z (OCoLC)1465358788
|
| 042 |
|
|
|a dlr
|
| 050 |
|
4 |
|a SD396
|b .Z5 1964
|
| 060 |
|
4 |
|a SD 396 C116f 1963
|
| 070 |
0 |
|
|a 451
|b Z6
|
| 072 |
|
0 |
|a F600
|
| 072 |
|
0 |
|a K001
|
| 082 |
0 |
4 |
|a 582.01343
|
| 084 |
|
|
|a 42.42
|2 bcl
|
| 049 |
|
|
|a TXAM
|
| 100 |
1 |
|
|a Zimmermann, Martin H.
|q (Martin Huldrych),
|d 1926-1984,
|e editor.
|1 https://id.oclc.org/worldcat/entity/E39PBJj8XPXydYqgHfRdMbh8md
|
| 245 |
1 |
4 |
|a The formation of wood in forest trees :
|b the second symposium held under the auspices of the Maria Moors Cabot Foundation for Botanical Research, Harvard Forest, April, 1963.
|
| 260 |
|
|
|a New York :
|b Academic Press,
|c 1964.
|
| 300 |
|
|
|a 1 online resource (xv, 562 pages) :
|b illustrations, diagrams, tables
|
| 336 |
|
|
|a text
|b txt
|2 rdacontent
|
| 337 |
|
|
|a computer
|b c
|2 rdamedia
|
| 338 |
|
|
|a online resource
|b cr
|2 rdacarrier
|
| 504 |
|
|
|a Includes bibliographical references.
|
| 538 |
|
|
|a Master and use copy. Digital master created according to Benchmark for Faithful Digital Reproductions of Monographs and Serials, Version 1. Digital Library Federation, December 2002.
|u http://purl.oclc.org/DLF/benchrepro0212
|5 MiAaHDL
|
| 583 |
1 |
|
|a digitized
|c 2010
|h HathiTrust Digital Library
|l committed to preserve
|2 pda
|5 MiAaHDL
|
| 588 |
0 |
|
|a Print version record.
|
| 650 |
|
0 |
|a Cambium
|v Congresses.
|
| 650 |
|
0 |
|a Trees
|x Physiology
|v Congresses.
|
| 650 |
|
0 |
|a Trees.
|
| 650 |
|
0 |
|a Wood.
|
| 650 |
|
2 |
|a Trees
|
| 650 |
|
2 |
|a Wood
|
| 650 |
|
3 |
|a Trees.
|
| 650 |
|
3 |
|a Wood.
|
| 650 |
|
3 |
|a Plant physiology.
|
| 650 |
|
3 |
|a Cambium.
|
| 650 |
|
6 |
|a Cambium
|v Congrès.
|
| 650 |
|
6 |
|a Arbres
|x Physiologie
|v Congrès.
|
| 650 |
|
6 |
|a Arbres.
|
| 650 |
|
6 |
|a Bois.
|
| 650 |
|
7 |
|a wood (plant material)
|2 aat
|
| 650 |
|
7 |
|a trees (woody plants)
|2 aat
|
| 650 |
|
7 |
|a 42.42 plant physiology.
|0 (NL-LeOCL)077603222
|2 bcl
|
| 650 |
|
7 |
|a Wood
|2 fast
|
| 650 |
|
7 |
|a Trees
|2 fast
|
| 650 |
|
7 |
|a Cambium
|2 fast
|
| 650 |
|
7 |
|a Trees
|x Physiology
|2 fast
|
| 650 |
1 |
7 |
|a Hout.
|2 gtt
|
| 650 |
1 |
7 |
|a Fysiologie.
|2 gtt
|
| 653 |
|
|
|a Trees.
|
| 653 |
|
|
|a Growth.
|
| 653 |
|
|
|a Cambium.
|
| 653 |
|
|
|a Plant physiology.
|
| 653 |
|
|
|a Wood chemistry.
|
| 655 |
|
7 |
|a Electronic books.
|2 local
|
| 655 |
|
2 |
|a Congress
|
| 655 |
|
7 |
|a proceedings (reports)
|2 aat
|
| 655 |
|
7 |
|a Conference papers and proceedings
|2 fast
|
| 655 |
|
7 |
|a Congresses (form)
|0 (NL-LeOCL)088142469
|2 gtt
|
| 655 |
|
7 |
|a Conference papers and proceedings.
|2 lcgft
|
| 655 |
|
7 |
|a Actes de congrès.
|2 rvmgf
|
| 710 |
2 |
|
|a ScienceDirect (Online service)
|
| 710 |
2 |
|
|a Harvard University.
|b Maria Moors Cabot Foundation for Botanical Research.
|
| 776 |
0 |
8 |
|i Print version:
|a Zimmermann, Martin Huldrych, 1926-
|t Formation of wood in forest trees.
|d New York, Academic Press, 1964
|w (DLC) 63023242
|w (OCoLC)185345
|
| 776 |
1 |
|
|c Original
|w (DLC) 63023242
|w (OCoLC)185345
|
| 856 |
4 |
0 |
|u http://proxy.library.tamu.edu/login?url=https://www.sciencedirect.com/science/book/9781483229317
|z Connect to the full text of this electronic book
|t 0
|
| 955 |
|
|
|a Elsevier ScienceDirect 2026-2027
|
| 994 |
|
|
|a 92
|b TXA
|
| 999 |
f |
f |
|i b3ca1124-d84e-4dc2-94c1-201fe672f88e
|s c00080a3-565a-4e5b-9812-d002bd0f147b
|t 0
|
| 952 |
f |
f |
|a Texas A&M University
|b College Station
|c Electronic Resources
|s www_evans
|d Available Online
|t 0
|e SD396 .Z5 1964
|h Library of Congress classification
|
| 998 |
f |
f |
|a SD396 .Z5 1964
|t 0
|l Available Online
|